Parvati bayi atavale (Record no. 144919)

MARC details
000 -LEADER
fixed length control field 00631nam a2200217Ia 4500
003 - CONTROL NUMBER IDENTIFIER
control field OSt
005 - DATE AND TIME OF LATEST TRANSACTION
control field 20260120112717.0
008 - FIXED-LENGTH DATA ELEMENTS--GENERAL INFORMATION
fixed length control field 210210b1947 xxu||||| |||| 00| 0 eng d
040 ## - CATALOGING SOURCE
Transcribing agency AL
041 ## - LANGUAGE CODE
Language code of text/sound track or separate title Kannada
082 ## - DEWEY DECIMAL CLASSIFICATION NUMBER
Classification number 858/223
100 ## - MAIN ENTRY--PERSONAL NAME
Personal name SARASVATI (H Y)
Dates associated with a name ಸರಸ್ವತಿ (ಎಚ್ ವೈ)
9 (RLIN) 251824
245 ## - TITLE STATEMENT
Title Parvati bayi atavale
Remainder of title ಪಾರ್ವತಿಬಾಯಿ ಅಠವಳೆ
260 ## - PUBLICATION, DISTRIBUTION, ETC.
Place of publication, distribution, etc. BengaLUru
Name of publisher, distributor, etc. Satyashodhana Prakatana Mandira
Date of publication, distribution, etc. 1947
650 ## - SUBJECT ADDED ENTRY--TOPICAL TERM
Topical term or geographic name entry element PArvatI
9 (RLIN) 251825
650 ## - SUBJECT ADDED ENTRY--TOPICAL TERM
Topical term or geographic name entry element bAyi
9 (RLIN) 251826
650 ## - SUBJECT ADDED ENTRY--TOPICAL TERM
Topical term or geographic name entry element aTavaLe
9 (RLIN) 251827
690 ## - LOCAL SUBJECT ADDED ENTRY--TOPICAL TERM (OCLC, RLIN)
Topical term or geographic name as entry element Biography
9 (RLIN) 251828
906 ## - LOCAL DATA ELEMENT F, LDF (RLIN)
a 020765
942 ## - ADDED ENTRY ELEMENTS (KOHA)
Source of classification or shelving scheme Dewey Decimal Classification
Koha item type Book
Holdings
Withdrawn status Lost status Source of classification or shelving scheme Damaged status Not for loan Collection code Home library Current library Shelving location Date acquired Cost, normal purchase price Total Checkouts Full call number Barcode Date last seen Price effective from Koha item type
    Dewey Decimal Classification     Kannada St Aloysius Library St Aloysius Library   02/17/2021 0.00   858/223 020765 02/17/2021 02/17/2021 Book